Hrady severních Čech = Castles of North Bohemia /

Hlavní autor: Gabriel, František, 1949-
Korporativní autor: České vysoké učení technické v Praze. Fakulta architektury
Jazyk: Čeština
Vydáno: V Praze : České vysoké učení technické, c2009
Edice: Habilitační přednášky ; 4/2009
Témata:
Fyzický popis: 34 s. : il., plány ; 21 cm
Language note: Anglické resumé
Knihy
Uloženo v:
LEADER 02019nam a2200541 a 4500
001 nkc20091856991
003 CZ PrNK
005 20090907101230.0
007 ta
008 090218s2009 xr ae f m 000 0 cze
015 |a cnb001856991 
020 |a 978-80-01-04284-7  |q (brož.) 
035 |a (OCoLC)320226538 
040 |a BOA001  |b cze 
041 0 |a cze  |b eng 
043 |a e-xr---  |b e-xr-cc  |2 czenas 
045 |a n-s- 
072 7 |a 72  |x Architektura  |2 Konspekt  |9 21 
080 |a 728.81  |2 MRF 
080 |a (437.31-17)  |2 MRF 
080 |a (043.5:042.3)  |2 MRF 
080 |a (048.3)  |2 MRF 
100 1 |a Gabriel, František,  |d 1949-  |7 jn19981001298  |4 aut 
245 1 0 |a Hrady severních Čech =  |b Castles of North Bohemia /  |c František Gabriel 
246 3 1 |a Castles of North Bohemia 
260 |a V Praze :  |b České vysoké učení technické,  |c c2009 
300 |a 34 s. :  |b il., plány ;  |c 21 cm 
490 1 |a Habilitační přednášky ;  |v 4/2009 
500 |a Nad názvem: České vysoké učení technické v Praze, Fakulta architektury 
500 |a 150 výt. (s. 3), 90 výt. (tiráž) 
504 |a Obsahuje bibliografii 
546 |a Anglické resumé 
648 7 |a 10.-15. století  |7 ch757124  |2 czenas 
650 0 7 |a hrady  |7 ph120854  |z Česko  |y 10.-15. stol.  |2 czenas 
650 0 9 |a castles  |z Czechia  |y 10th-15th centuries  |2 eczenas 
655 7 |a habilitační přednášky  |7 fd187328  |2 czenas 
655 7 |a teze  |7 fd133701  |2 czenas 
655 9 |a habilitation lectures  |2 eczenas 
655 9 |a abstracts  |2 eczenas 
651 7 |a Čechy severní (Česko)  |7 ge131650  |2 czenas 
651 9 |a Bohemia, Northern (Czechia)  |2 eczenas 
710 2 |a České vysoké učení technické v Praze.  |b Fakulta architektury  |7 kn20010710176 
810 2 |a České vysoké učení technické v Praze.  |t Habilitační přednášky  |0 s 
910 2 |a BOA001  |b 2-1218.576 
990 |a BK 
995 |a 01 
991 |b 200903  |c NOV 
996 6 |b 2610370132  |c 2-1218.576  |l MZK  |r Sklad / do 1 hodiny  |n 1  |p p.v.  |w 000930695  |u 000010  |a 1  |e BOA001  |j MZK50  |s P